[Event "HON-ch qual1"]
[Site "San Pedro Sula"]
[Date "2019.11.18"]
[Round "2"]
[White "Medina Viana, Ricardo"]
[Black "Gallegos Mata, Erick"]
[Result "1-0"]
[WhiteElo "1992"]
[BlackElo "1677"]
[PlyCount "37"]
[EventDate "2019.11.18"]
[EventType "swiss"]
[EventRounds "7"]
[EventCountry "HON"]
[SourceTitle "EXT 2021"]
[Source "ChessBase"]
[SourceDate "2020.10.23"]
[SourceVersion "1"]
[SourceVersionDate "2020.10.23"]
[SourceQuality "1"]

1. e4 e6 2. d4 b6 3. Nf3 Bb7 4. Bd3 c5 5. c3 Nf6 6. e5 Nd5 7. 0-0 h6 8. Be4 Qc7 9. Re1 d6 10. c4 Nb4 11. Bxb7 Qxb7 12. d5 exd5 13. exd6+ Kd7 14. a3 N4a6 15. Ne5+ Ke6 16. Ng6+ Kd7 17. Nxh8 Bxd6 18. Nxf7 d4 19. Qg4+ 1-0

[Event "Olympiad-43"]
[Site "Batumi"]
[Date "2018.10.04"]
[Round "10.4"]
[White "Medina Viana, Ricardo"]
[Black "Nsubuga, Haruna"]
[Result "0-1"]
[WhiteElo "2048"]
[BlackElo "2222"]
[PlyCount "62"]
[EventDate "2018.09.24"]
[EventType "team-swiss"]
[EventRounds "11"]
[EventCountry "GEO"]
[SourceTitle "CBM 187"]
[Source "ChessBase"]
[SourceDate "2018.12.11"]
[SourceVersion "1"]
[SourceVersionDate "2018.12.11"]
[SourceQuality "1"]
[WhiteTeam "Honduras"]
[BlackTeam "Uganda"]
[WhiteTeamCountry "HON"]
[BlackTeamCountry "UGA"]

1. e4 c5 2. Nf3 Nc6 3. d4 cxd4 4. Nxd4 e5 5. Nxc6 bxc6 6. Bd3 Nf6 7. 0-0 Bc5 8. Nc3 Rb8 9. Na4 Be7 10. Be3 Qa5 11. c3 d5 12. b4 Qc7 13. Nc5 0-0 14. a3 Rd8 15. Qc1 Bxc5 16. Bxc5 dxe4 17. Bc2 Ba6 18. Re1 Bd3 19. h3 Nd5 20. g3 Nxc3 21. Bxd3 Rxd3 22. a4 Rbd8 23. Qc2 a6 24. Kg2 h5 25. h4 Qd7 26. Ra3 Qf5 27. Raa1 g5 28. hxg5 h4 29. Be3 Qf3+ 30. Kh3 Kg7 31. g6 Rh8 0-1

[Event "Olympiad-43"]
[Site "Batumi"]
[Date "2018.09.27"]
[Round "4.57"]
[White "Medina Viana, Ricardo"]
[Black "Alhammada, Imad"]
[Result "1/2-1/2"]
[WhiteElo "2048"]
[BlackElo "2118"]
[PlyCount "59"]
[EventDate "2018.09.24"]
[EventType "team-swiss"]
[EventRounds "11"]
[EventCountry "GEO"]
[SourceTitle "CBM 187"]
[Source "ChessBase"]
[SourceDate "2018.12.11"]
[SourceVersion "1"]
[SourceVersionDate "2018.12.11"]
[SourceQuality "1"]
[WhiteTeam "Honduras"]
[BlackTeam "Syria"]
[WhiteTeamCountry "HON"]
[BlackTeamCountry "SYR"]

1. e4 c6 2. d4 d5 3. Nd2 dxe4 4. Nxe4 Nf6 5. Nxf6+ exf6 6. Nf3 Bg4 7. Be2 Bd6 8. 0-0 0-0 9. c3 Re8 10. Be3 Nd7 11. Qc2 Qc7 12. h3 Bh5 13. Rfe1 Bf4 14. Bxf4 Qxf4 15. Nh2 Bg6 16. Bd3 Nb6 17. Bxg6 hxg6 18. Re2 Kf8 19. Rae1 Nd5 20. Nf3 Rxe2 21. Qxe2 Qd6 22. a3 g5 23. g3 g6 24. Kg2 Qd7 25. Qe4 Kg7 26. c4 Rh8 27. Qg4 Qxg4 28. hxg4 Nb6 29. b3 Nc8 30. Re3 1/2-1/2

[Event "Olympiad-41"]
[Site "Tromsoe"]
[Date "2014.08.02"]
[Round "1.2"]
[White "Moradiabadi, Elshan"]
[Black "Medina Viana, Ricardo"]
[Result "1-0"]
[WhiteElo "2598"]
[BlackElo "2063"]
[PlyCount "93"]
[EventDate "2014.08.02"]
[EventType "team-swiss"]
[EventRounds "11"]
[EventCountry "NOR"]
[SourceTitle "CBM 162"]
[Source "ChessBase"]
[SourceDate "2014.09.17"]
[SourceVersion "1"]
[SourceVersionDate "2014.09.17"]
[SourceQuality "1"]
[WhiteTeam "Iran"]
[BlackTeam "Honduras"]
[WhiteTeamCountry "IRI"]
[BlackTeamCountry "HON"]

1. d4 Nf6 2. c4 e5 3. dxe5 Ng4 4. Bf4 Nc6 5. Nf3 Bb4+ 6. Nc3 Qe7 7. Qb3 Ba5 8. Rd1 Ngxe5 9. Nxe5 Nxe5 10. Rd5 Nc6 11. e3 d6 12. Be2 0-0 13. 0-0 Be6 14. Rh5 Bxc3 15. Qxc3 f6 16. Bd3 g6 17. Rb5 b6 18. Be4 Qe8 19. Bd5 a6 20. Rb3 Rb8 21. Rd1 g5 22. Bg3 h5 23. f4 h4 24. Bf2 Nd8 25. Qc2 Qh5 26. Bf3 Qf7 27. f5 Qh7 28. e4 Bd7 29. c5 dxc5 30. Bxc5 Rf7 31. Bd4 Ba4 32. Bxf6 Nb7 33. e5 Bxb3 34. axb3 c5 35. Bd5 Qh5 36. Bxf7+ Qxf7 37. Bxg5 Re8 38. e6 Qh5 39. Bf6 Qh6 40. Bc3 Qe3+ 41. Qf2 Qxf2+ 42. Kxf2 Na5 43. Rd7 Nxb3 44. Rg7+ Kf8 45. Rh7 Nd4 46. Bxd4 cxd4 47. Rh8+ 1-0

[Event "Managua Sub zt 2.3"]
[Site "Managua"]
[Date "2014.05.02"]
[Round "9"]
[White "Medina Viana, Ricardo"]
[Black "Flores, Manuel"]
[Result "1/2-1/2"]
[WhiteElo "2037"]
[BlackElo "1947"]
[PlyCount "56"]
[EventDate "2014.04.27"]
[EventType "swiss"]
[EventRounds "9"]
[EventCountry "NCA"]
[SourceTitle "EXT 2015"]
[Source "ChessBase"]
[SourceDate "2014.11.20"]
[SourceVersion "1"]
[SourceVersionDate "2014.11.20"]
[SourceQuality "1"]

1. d4 Nf6 2. g3 d5 3. Bg2 g6 4. Nf3 Bg7 5. 0-0 0-0 6. c3 b6 7. Bf4 Bb7 8. Qc1 Nbd7 9. Bh6 c5 10. Bxg7 Kxg7 11. e3 Rc8 12. Nbd2 Re8 13. h3 e5 14. dxe5 Nxe5 15. Nxe5 Rxe5 16. Qc2 Re7 17. Rad1 d4 18. Nf3 Rd7 19. exd4 cxd4 20. Ne5 Bxg2 21. Kxg2 Rd5 22. f4 dxc3 23. bxc3 Rxc3 24. Qxc3 Rxd1 25. Rxd1 Qxd1 26. Nc6 Qe2+ 27. Kg1 h5 28. Nxa7 Qxa2 1/2-1/2